Fábulas fabulosas (Registo nº 28328)

Detalhes MARC
000 -Etiqueta do registo
Valores 00580nam a2200217 4500
010 ## - Número ISBN
ISBN 9722621726
090 ## -
-- 28328
100 ## - Dados gerais de processamento
Dados gerais 20070910d2004 c y0pory5003 ba
101 0# - Língua de publicação
-- por
102 ## - País de publicação
-- PT
200 1# - Titulo e menção de responsabilidade
Título próprio Fábulas fabulosas
Informação de outro título antologia do fabulário universal contado de novo
Primeira menção de responsabilidade António torrado
Outras menções de responsabilidade il. de Chico
210 ## - Publicação
Local de publicação Porto
Nome do editor Civilização
Data de publicação 2004
215 ## - Descrição física 
Paginação / Volumes 84 p
Outras indicações físicas il
Dimensões 34 cm
675 ## - CDU
Notação 087.5
Edição 2
Língua por
700 ## - Autor principal (pessoa individual)
Apelido Torrado
Nome António
702 ## - Autor secundário (pessoa individual)
Apelido Chico
-- 440
ID Autoridade 2605
801 #0 - Fonte de origem
País PT
Agência CMPEN
Regras de catalogação RPC
930 ## -
-- BECRE
990 ## - Elementos KOHA
Tipo de documento Livro
995 ## - Localização e informação dos exemplares
-- 18
Exemplares
Situação do levantamento Estado Biblioteca de origem Biblioteca de empréstimo Código de barras Cota Permissão de empréstimo Tipo de documento
  Completo Biblioteca da Escola Básica de Aguiar Biblioteca da Escola Básica de Aguiar 47BA 087.5 TOR Disponível Livro




Powered by Koha